The rhetoric of apology in early Shakespeare criticism
Elmentve itt :
| Szerző: | |
|---|---|
| Dokumentumtípus: | Könyv része |
| Megjelent: |
1995
|
| Sorozat: | Acta Universitatis Szegediensis de Attila József nominatae : papers in english and american studies
6 Papers in English and American studies : Tomus VI. - HUSSE papers 1995 : a selection from the papers read at the Second Conference of the Hungarian Society for the Study of English, Szeged, 26-28 January, 1995 6 |
| Kulcsszavak: | Angol irodalom története |
| Tárgyszavak: | |
| Online Access: | http://acta.bibl.u-szeged.hu/68705 |
| LEADER | 01053naa a2200229 i 4500 | ||
|---|---|---|---|
| 001 | acta68705 | ||
| 005 | 20250124105446.0 | ||
| 008 | 250121s1995 hu o 000 eng d | ||
| 022 | |a 0230-2780 | ||
| 040 | |a SZTE Egyetemi Kiadványok Repozitórium |b hun | ||
| 041 | |a eng | ||
| 100 | 1 | |a Dávidházi Péter | |
| 245 | 1 | 4 | |a The rhetoric of apology in early Shakespeare criticism |h [elektronikus dokumentum] / |c Dávidházi Péter |
| 260 | |c 1995 | ||
| 300 | |a 175-182 | ||
| 490 | 0 | |a Acta Universitatis Szegediensis de Attila József nominatae : papers in english and american studies |v 6 | |
| 490 | 0 | |a Papers in English and American studies : Tomus VI. - HUSSE papers 1995 : a selection from the papers read at the Second Conference of the Hungarian Society for the Study of English, Szeged, 26-28 January, 1995 |v 6 | |
| 650 | 4 | |a Bölcsészettudományok | |
| 650 | 4 | |a Nyelvek és irodalom | |
| 650 | 4 | |a Általános irodalomtudományok | |
| 695 | |a Angol irodalom története | ||
| 856 | 4 | 0 | |u http://acta.bibl.u-szeged.hu/68705/1/papers_006_175-182.pdf |z Dokumentum-elérés |